[Event "76th ch-ESP"]
[Site "Arenal d'en Castell ESP"]
[Date "2011.10.16"]
[Round "2.7"]
[White "De La Villa Garcia, Jesus Maria"]
[Black "Cubas Pons, Juan Miguel"]
[Result "1-0"]
[WhiteTitle "GM"]
[BlackTitle "FM"]
[WhiteElo "2486"]
[BlackElo "2340"]
[WhiteFideId "2200040"]
[BlackFideId "2204991"]
[EventDate "2011.10.15"]

1. d4 Nf6 2. c4 e6 3. Nc3 Bb4 4. e3 O-O 5. Bd3 c5 6. Ne2 d5 7. a3 Bxc3+ 8. bxc3
dxc4 9. Bxc4 Nc6 10. O-O e5 11. Bb2 Qc7 12. Ba2 Rd8 13. Qc2 Qe7 14. Rad1 Be6 15.
dxe5 Bxa2 16. exf6 Qxf6 17. c4 Qg6 18. e4 Rxd1 19. Rxd1 Na5 20. Qd2 Nc6 1-0

[Event "76th ch-ESP"]
[Site "Arenal d'en Castell ESP"]
[Date "2011.10.18"]
[Round "4.3"]
[White "Gonzalez De La Torre, Santiago"]
[Black "Moreno Ruiz, Javier"]
[Result "0-1"]
[WhiteTitle "IM"]
[BlackTitle "IM"]
[WhiteElo "2445"]
[BlackElo "2536"]
[WhiteFideId "2221667"]
[BlackFideId "2203146"]
[EventDate "2011.10.15"]

1. d4 e6 2. Nf3 Nf6 3. c4 d5 4. g3 dxc4 5. Bg2 Nc6 6. Qa4 Bb4+ 7. Bd2 Nd5 8.
Bxb4 Nxb4 9. Na3 O-O 10. O-O a6 11. Ne5 Qxd4 12. Nxc6 Nxc6 13. Bxc6 bxc6 14.
Nxc4 Rb8 15. Rad1 Qc5 16. Rc1 Qh5 17. f3 Rb5 18. Rfd1 e5 19. Qa3 e4 20. fxe4
Qxe2 21. Qd3 Qh5 22. b3 f5 23. Ne3 fxe4 24. Qc4+ Kh8 25. Rf1 Rg8 26. Qxc6 Qe2
27. Nd5 Bb7 28. Qc4 Qxc4 29. bxc4 Rc5 30. Ne3 Rd8 31. Rb1 Bc6 32. Rf7 Ba8 33.
Rd7 Rg8 34. Rf1 Ra5 35. Rff7 Rxa2 36. Rxc7 Re2 37. Ng4 Rb8 38. Kf1 Ra2 39. Rf2
Ra1+ 40. Ke2 h5 41. Rff7 hxg4 42. Rxg7 Ra2+ 43. Ke3 Rxh2 44. c5 Bd5 45. Rxg4 Rh7
46. Rh4 Rxh4 47. gxh4 a5 48. c6 a4 49. Kd4 Be6 50. Ra7 0-1

[Event "76th ch-ESP"]
[Site "Arenal d'en Castell ESP"]
[Date "2011.10.19"]
[Round "5.3"]
[White "Perez Candelario, Manuel"]
[Black "De La Villa Garcia, Jesus Maria"]
[Result "1/2-1/2"]
[WhiteTitle "GM"]
[BlackTitle "GM"]
[WhiteElo "2556"]
[BlackElo "2486"]
[WhiteFideId "2210622"]
[BlackFideId "2200040"]
[EventDate "2011.10.15"]

1. e4 e6 2. d4 d5 3. Nc3 Bb4 4. exd5 exd5 5. Bd3 Nf6 6. Ne2 O-O 7. O-O Bg4 8. f3
Bh5 9. Bg5 c6 10. Nf4 Bg6 11. Nxg6 fxg6 12. Ne2 Bd6 13. Qe1 Qc7 14. Qh4 Nbd7 15.
c3 Rae8 16. Rae1 Rf7 17. Ng3 Rxe1 18. Rxe1 Re7 19. Nf1 Rxe1 20. Qxe1 Bf4 21. Bh4
Kf7 22. Bf2 a6 23. g3 Bd6 24. Nd2 g5 25. Bf5 Nf8 26. Nb3 g6 27. Bh3 h5 28. Qe2
g4 29. fxg4 Qd7 30. Bg2 hxg4 31. Nc1 Qf5 32. Nd3 Ne6 1/2-1/2

[Event "76th ch-ESP"]
[Site "Arenal d'en Castell ESP"]
[Date "2011.10.21"]
[Round "7.10"]
[White "Fernandez Garcia, Jose Miguel"]
[Black "Rodriguez, Daniel Mauricio"]
[Result "1-0"]
[BlackTitle "IM"]
[WhiteElo "2325"]
[BlackElo "2428"]
[WhiteFideId "22200070"]
[BlackFideId "4400038"]
[EventDate "2011.10.15"]

1. d4 e6 2. Nf3 Nf6 3. c4 Bb4+ 4. Nbd2 d5 5. e3 O-O 6. Qc2 Re8 7. Bd3 Nbd7 8.
O-O c6 9. a3 Bxd2 10. Bxd2 e5 11. dxe5 Nxe5 12. Nxe5 Rxe5 13. Bc3 Rh5 14. Be2
Rh6 15. Be5 Ne4 16. Bf4 g5 17. cxd5 cxd5 18. Be5 Rc6 19. Qd1 Bf5 20. f4 Rac8 21.
fxg5 Qxg5 22. Bf4 Qd8 23. Qd4 Nc5 24. Rad1 Be4 25. Bh5 f5 26. Bf3 Qe7 27. b4 Nb3
28. Qb2 Rc3 29. Rxd5 Bxf3 30. gxf3 R8c6 31. Kh1 Rc1 32. Rdd1 R1c3 33. Rg1+ Kf7
34. Rd5 Qe6 35. Qg2 Qg6 36. Qh3 Rc1 37. Rxf5+ Ke8 38. Re5+ Kf8 39. Rg5 Rxg1+ 40.
Rxg1 Qf7 41. Rd1 Ke8 42. Qh4 Qe6 43. Qd8+ Kf7 44. Rd7+ Kg6 45. Qe7 1-0